Bradamante : tragécomédie (Record no. 133844)

MARC details
000 -LEADER
campo de control de longitud fija 00786nam a2200241 i 4500
001 - NÚMERO DE CONTROL
campo de control 133844
003 - IDENTIFICADOR DE NÚMERO DE CONTROL
campo de control ES-MaACL
005 - FECHA Y HORA DE LA ÚLTIMA TRANSACCIÓN
campo de control 20230906194538.0
007 - CAMPO FIJO DE DESCRIPCIÓN FÍSICA--INFORMACIÓN GENERAL
campo de control de longitud fija t|
008 - DATOS DE LONGITUD FIJA--INFORMACIÓN GENERAL
campo de control de longitud fija 070831s1991 fr ||||1| fre d
020 ## - NÚMERO INTERNACIONAL ESTÁNDAR DEL LIBRO
Número Internacional Estándar del Libro 2-04-017424-7
080 ## - NÚMERO DE LA CLASIFICACIÓN DECIMAL UNIVERSAL
Número de la Clasificación Decimal Universal 821.133.1-21
100 1# - ENTRADA PRINCIPAL--NOMBRE DE PERSONA
Nombre de persona Garnier, Robert.
9 (RLIN) 55616
245 10 - MENCIÓN DEL TÍTULO
Título Bradamante : tragécomédie
Resto del título ; Les juifves : tragédie /
Mención de responsabilidad, etc. Robert Garnier ; introduction, notes, grammarie et lexique par Marcel Hervier.
260 ## - PUBLICACIÓN, DISTRIBUCIÓN, ETC.
Lugar de publicación, distribución, etc. Paris :
Nombre del editor, distribuidor, etc. Bordas,
Fecha de publicación, distribución, etc. [1991]
300 ## - DESCRIPCIÓN FÍSICA
Extensión 284 p. ;
Dimensiones 19 cm.
490 1# - MENCIÓN DE SERIE
Mención de serie Classiques Garnier
700 1# - ENTRADA AGREGADA--NOMBRE PERSONAL
Nombre de persona Hervier, Marcel.
9 (RLIN) 63428
740 4# - ENTRADA AGREGADA--TÍTULO RELACIONADO/ANALÍTICO NO CONTROLADO
Título relacionado o analítico no controlado Les juifves.
830 0# - PUNTO DE ACCESO ADICIONAL DE SERIE-TÍTULO UNIFORME
Título uniforme Classiques Garnier
9 (RLIN) 184859
852 ## - LOCALIZACIÓN
Ubicación ES-MaACL
Número de control de estantería E-12098
itemnumber R.140011
Nota libre . - Biblioteca Jacinto Martínez Lacalle
Holdings
Estatus retirado Estado de pérdida Estado de daño No para préstamo Biblioteca de origen Biblioteca actual Ubicación en estantería Fecha de adquisición Fuente de adquisición Total de préstamos Signatura topográfica completa Código de barras Visto por última vez Precio de reemplazo Tipo de ítem Koha
        Biblioteca del Ateneo de Madrid Biblioteca del Ateneo de Madrid Depósito 2 17/01/2008     E-12098 1139326 23/02/2023 23/02/2023 Libro impreso